| 000 | 00963cam a22003131 4500 | ||
|---|---|---|---|
| 001 | 32868 | ||
| 005 | 20230410101726.0 | ||
| 008 | 740312s1951 mau 000 1 eng | ||
| 035 | _9(DLC) 50058334 | ||
| 035 | _a6962635 | ||
| 010 | _a50058334 | ||
| 035 | _a(OCoLC)826701 | ||
| 040 |
_aDLC _cN _dOCoLC _dNN _dDLC |
||
| 041 | 1 |
_aeng _hfre |
|
| 042 | _apremarc | ||
| 043 | _anwht--- | ||
| 050 | 1 | 4 |
_a110 PQ 3949 _bT449p 1951 |
| 082 | _a843.91 | ||
| 100 | 2 |
_aThoby-Marcelin, Philippe, _d1904-1975. |
|
| 240 | 1 | 0 |
_aCrayon de Dieu. _lEnglish |
| 245 | 1 | 4 |
_aThe pencil of God / _cby Philippe Thoby-Marcelin and Pierre Marcelin; translated by Leonard Thomas, with an introd. by Edmund Wilson. |
| 260 |
_aBoston, _bHoughton Mifflin, _c1951. |
||
| 300 |
_axvii, 204 p. _c22 cm. |
||
| 500 | _aTranslation of Le crayon de Dieu. | ||
| 651 | 0 |
_aHaiti _vFiction. |
|
| 700 | 1 |
_aMarcelin, Pierre, _d1908- |
|
| 942 |
_2lcc _cbk |
||
| 985 | _eOCLC REPLACEMENT cdsdistr | ||
| 999 |
_c12864 _d12864 |
||